Countries of the World According to an Average American - Statistics

General Stats
  • This quiz has been taken 1,180 times
  • The average score is 42 of 47
Answers on the Map
Answers color-coded by a green-red scale on the quiz's map according to % correct below.
 
Answer Stats
Countries % Correct
Canada
99%
United States
99%
China
98%
Mexico
98%
Russia
98%
Brazil
97%
Egypt
97%
France
97%
Germany
97%
India
97%
South Africa
97%
United Kingdom
97%
Argentina
96%
Australia
96%
Ireland
96%
Italy
96%
Japan
96%
Portugal
96%
Spain
96%
Greenland
95%
Iran
95%
Mongolia
95%
North Korea
95%
Norway
95%
South Korea
95%
Sweden
95%
Finland
94%
Greece
94%
Turkey
94%
Cuba
93%
Madagascar
93%
New Zealand
93%
Saudi Arabia
93%
Ukraine
93%
Africa
92%
Pakistan
92%
Poland
92%
Vietnam
92%
Switzerland
91%
Israel
90%
Thailand
90%
Antarctica
88%
Philippines
88%
Afghanistan
73%
Romania
67%
ISIS
18%
Wakanda
15%
No matching quizzes found
Score Distribution
Percent of People with Each Score
Percentile by Number Answered
Your Score History
You have not taken this quiz